Normal view
MARC view
- NC Haya Ali NC Nayab Javed NC Munadi Sial NC Saifullah
Entry Personal Name
001 - CONTROL NUMBER
- control field: 71478
003 - CONTROL NUMBER IDENTIFIER
- control field: NUST
005 - DATE AND TIME OF LATEST TRANSACTION
- control field: 20210628204636.0
008 - FIXED-LENGTH DATA ELEMENTS
- fixed length control field: 210628|| aca||aabn | a|a d
040 ## - CATALOGING SOURCE
- Original cataloging agency: NUST
- Transcribing agency: NUST
100 ## - HEADING--PERSONAL NAME
- Personal name: NC Haya Ali NC Nayab Javed NC Munadi Sial NC Saifullah
670 ## - SOURCE DATA FOUND
- Source citation: Work cat.: (NUST): NC Haya Ali NC Nayab Javed NC Munadi Sial NC Saifullah , PR-SOF-1784-DEVELOPMENT OF AN AUTONOMOUS SEEDING MECHANISM, 2019
